LEADER 01056nam0 2200277 450 001 000021223 005 20090108123237.0 100 $a20090108d1974----km-y0itay50------ba 101 0 $aita 102 $aIT 105 $ay---abd-001yy 200 1 $a<>carteggio nautico$eguida alla soluzione grafica dei problemi di navigazione stimata e costiera$fGiorgio Mannella, Giuliano De Alessio 210 $aMilano$cU. Mursia$d1974 215 $a87 p.$cill.$d32 cm$e41 carte nautiche, 1 tabella delle deviazioni, 1 squadra nautica 225 2 $aBiblioteca del mare$iManuali, tecnica e sport$v99$v21 410 0$12001$aBiblioteca del mare 500 10$a<>carteggio nautico$948027 610 1 $aCarte nautiche$aImpiego 676 $a623.8$v21$9Ingegneria navale e scienza nautica 700 1$aMannella,$bGiorgio$0613213 701 1$aDe Alessio,$bGiuliano$4070$0632731 801 0$aIT$bUNIPARTHENOPE$c20090108$gRICA$2UNIMARC 912 $a000021223 951 $aG 623.892/4$bG 121$cDSA$d2008 996 $aCarteggio nautico$948027 997 $aUNIPARTHENOPE LEADER 04901nam 2200685 450 001 9910786426503321 005 20230125212052.0 010 $a1-78539-165-8 010 $a1-78067-419-8 035 $a(CKB)3710000000113257 035 $a(EBL)1876176 035 $a(SSID)ssj0001328555 035 $a(PQKBManifestationID)11694782 035 $a(PQKBTitleCode)TC0001328555 035 $a(PQKBWorkID)11290171 035 $a(PQKB)10341228 035 $a(CaBNVSL)gtp00562553 035 $a(Credo)lkingla2014 035 $a(OCoLC)908338076 035 $a(Credo)9781785391651 035 $a(Au-PeEL)EBL1876176 035 $a(CaPaEBR)ebr10870493 035 $a(OCoLC)897645492 035 $a(MiAaPQ)EBC1876176 035 $a(EXLCZ)993710000000113257 100 $a20140522h20142014 uy 0 101 0 $aeng 135 $aur|n|---||||| 181 $ctxt 182 $cc 183 $acr 200 10$aLandscape architecture $ean introduction /$fRobert Holden & Jamie Liversedge 205 $a[Enhanced Credo edition] 210 1$aLondon, [England] :$cLaurence King Publishing,$d2014. 210 4$dİ2014 215 $a1 online resource (467 p.) 300 $aDescription based upon print version of record. 311 $a1-78067-270-5 320 $aIncludes bibliographical references and index. 327 $aIntroduction -- What is a landscape architect? -- How this book is structured -- 1. The History of Landscape Architecture -- Beginnings -- The growth of landscape architecture as a profession -- The growth of the profession in Europe -- The expansion of the profession worldwide -- Case study: Painshill Park, Surrey, UK -- Planning -- City planning and structural green space -- Changing styles: from Modernism to Postmodernism and beyond -- Case study: Emscher Park, Ruhr Valley, Germany -- Changing priorities: ecology, biodiversity and sustainability -- Case study: Ijsselmeerpolders, the Netherlands -- 2. Beginning a Project -- The brief -- Types of client -- Case study: Westergasfabriek Park, Amsterdam -- Fees: how to get paid -- Case study: Central Park, New York City -- Site survey -- Case study: Thames Barrier Park, London -- 3. The Design Process -- Developing a design -- Case study: Aphrodite Hills, Cyprus -- The principles of design -- Case study: Hedeland Arena, Roskilde, Denmark -- Human flow and natural change -- Case study: Marketplace and Waterfront, Odda, Norway -- 4. Representing the Landscape Design -- Drawing and sketchbooks -- Case study: School Courtyard, London -- 3D modelling and video -- Photography -- Digital design -- Building Information Modelling (BIM) -- Mapping, air photography, satellite imagery and Geographic Information Systems (GIS) -- Report writing -- Live presentations -- Case study: Villa Garden at Aphrodite Hills, Cyprus -- 5. From Design Team to Long-term Landscape Management -- The stages of work -- Case study: London 2012 Olympic Park -- Multi-disciplinary design teams -- The programme of work and the design team -- Costing a project -- Landscape management -- Case study: The Parks Trust, Milton Keynes, UK -- Case study: Dr Jac. P. Thijsse Park, Amstelveen, the Netherlands -- 6. Education and Employment -- Applying for a university course -- Internships and jobs -- Setting up your own business -- Marketing -- Case study: Thames Landscape Strategy -- A note on professional status: the way the profession is seen worldwide -- Case study: Druk White Lotus School, Ladakh, India -- 7. The Future -- A changing environment -- Some challenges -- Case study: The Dutch National Water Plan -- Case study: Floating Gardens, Shad Thames, London -- Case study: Korail, Dhaka, Bangladesh -- Case study: North Holland coastline, the Netherlands -- Recycling and everyday practice -- Final thoughts -- Glossary -- Bibliography -- Acknowledgements. 330 $aAimed at prospective and new students, this book gives a comprehensive introduction to the nature and practise of landscape architecture, the professional skills required and the latest developments. 606 $aLandscape architecture$xHistory 606 $aLandscape architecture$vHandbooks, manuals, etc 606 $aLandscape architecture$xComputer-aided design$vHandbooks, manuals, etc 606 $aLandscape architecture$xGeographic information systems$vHandbooks, manuals, etc 615 0$aLandscape architecture$xHistory. 615 0$aLandscape architecture 615 0$aLandscape architecture$xComputer-aided design 615 0$aLandscape architecture$xGeographic information systems 676 $a712.023 700 $aHolden$b Bob$01524843 702 $aLiversedge$b Jamie 712 02$aCredo Reference (Firm), 801 0$bMiAaPQ 801 1$bMiAaPQ 801 2$bMiAaPQ 906 $aBOOK 912 $a9910786426503321 996 $aLandscape architecture$93765899 997 $aUNINA